| 000 | 01016nam a2200289 a 4500 | ||
|---|---|---|---|
| 001 | 43065 | ||
| 003 | BD-RjUL | ||
| 005 | 20211209053636.0 | ||
| 008 | 160619s1979 nyua b 001 0 eng | ||
| 020 | _a0080238904 | ||
| 020 | _a0080238890 (pbk.) | ||
| 035 | _a(BD-RjUL)43183 | ||
| 040 |
_aDLC _cDLC _dDLC _dBD-RjUL _beng |
||
| 041 | _aeng | ||
| 082 | 0 | 0 |
_a330.91724 _223 _bMOM 1979 |
| 100 | 1 |
_aMorris, Morris David. _9132242 |
|
| 245 | 1 | 0 |
_aMeasuring the condition of the world's poor : _bthe physical quality of life index / _cMorris David Morris. |
| 260 |
_aNew York : _bPublished for the Overseas Development Council by Pergamon Press, _cc1979. |
||
| 300 |
_axiv, 176 p. : _bill. ; _c24 cm. |
||
| 490 | 0 | _aPergamon policy studies | |
| 500 | _aIncludes index. | ||
| 650 | 0 |
_aPoor _zDeveloping countries. _9132243 |
|
| 650 | 0 |
_aEconomic indicators _zDeveloping countries. _9132244 |
|
| 650 | 0 |
_aSocial indicators _zDeveloping countries. _9132245 |
|
| 830 |
_aPergamon policy studies _9129009 |
||
| 942 |
_2ddc _cBK |
||
| 999 |
_c43065 _d43065 |
||